Państwa powyżej 50 milionów mieszkańców - nagła śmierć - Statystyki

Ogólne statystyki
  • Ten quiz został rozwiązany 273 razy
  • Średni wynik to 8 z 14
Answers on the Grid
Answers color-coded by a green-red scale on the quiz's grid according to % correct below.
Włochy
Tajlandia
Argentyna
Chile
Francja
Bułgaria
Maroko
Iran
Tanzania
Niemcy
Kamerun
Australia
Wietnam
Polska
Rosja
Japonia
Rumunia
Kenia
Tadżykistan
Etiopia
Tunezja
Uzbekistan
Korea Północna
Meksyk
Czad
Egipt
Zimbabwe
RPA
 
Statystyki odpowiedzi
Odpowiedź % Poprawnych
Tajlandia
74%
Włochy
72%
Francja
65%
Rosja
65%
Niemcy
62%
Egipt
60%
Japonia
60%
Meksyk
60%
Iran
52%
Etiopia
48%
Wietnam
46%
RPA
44%
Kenia
31%
Tanzania
28%
Nie znaleziono quizów pasujących do podanych kryteriów
Rozkład punktacji
Procent ludzi z każdym wynikiem
Percentyl według liczby udzielonych odpowiedzi
Twoja historia wyników
Nie rozwiązałeś tego quizu